000 00545nam a2200181 4500
999 _c162188
_d162188
005 20190307103503.0
010 _aENG-124852
020 _a9789387882089
_c240.00
035 _aEN-108384
037 _bDBAD/PUB
082 _a342.54
100 _aSaravanan,R.
245 _aAmendments of the Indian constitution:
_cby R.Saravanan
_ba historical study /
260 _aChennai
_bToday Graphics
_c2018
270 _a192,Bells Road,
_bChennai
_e600005
_k9840083738
300 _a255p.
_c20cm(pbk)
942 _2ddc
_cEN
_h342.54
_mSAR